| 000 | 00685nam a22001577a 4500 | ||
|---|---|---|---|
| 003 | OSt | ||
| 005 | 20151206140003.0 | ||
| 008 | 151206b xxu||||| |||| 00| 0 eng d | ||
| 040 | _cRUA | ||
| 082 | _aATM ទូច 1990 B188 Or.1 | ||
| 100 |
_94400 _aទូច សារិន |
||
| 245 | _aការរៀបចំជួសជុលការដ្ឋានរោងជាងម៉ាស៊ីនកសិកម្មនៅខេត្តព្រៃវែងជាមួយការរៀបចំក្រុមជាងដោះនិងតំល៉ើងបង្គុំម៉ាស៊ីន | ||
| 260 |
_aPhnom Penh _bRUA _c1990 |
||
| 300 |
_a100p. _bill. _c29cm. |
||
| 942 |
_2ddc _cATM |
||
| 999 |
_c4102 _d4102 |
||